World Capitals #3 - Statistics

General Stats
  • This quiz has been taken 34 times
  • The average score is 13 of 16
Answer Stats
Picture Hint Answer % Correct
Greece Athens
96%
Cuba Havana
96%
Ukraine Kyiv
96%
Egypt Cairo
93%
Bolivia La Paz / Sucre
89%
Tunisia Tunis
89%
Taiwan Taipei
86%
Ethiopia Addis Ababa
82%
Ecuador Quito
82%
Andorra Andorra la Vella
79%
Kazakhstan Astana
68%
Fiji Suva
64%
Trinidad and Tobago Port-of-Spain
61%
Sri Lanka Sri Jayawardenepura Kotte
61%
Seychelles Victoria
57%
Togo Lome
50%
No matching quizzes found
Score Distribution
Percent of People with Each Score
Percentile by Number Answered
Your Score History
You have not taken this quiz